000 00404nam a2200133Ia 4500
008 151001s9999||||xx |||||||||||||| ||und||
100 _aराजेंद्र शाहा
245 _aअरावली चंचल के लोकगीता
250 _a1
260 _bराजस्थानी ग्रंथागार
260 _c2004
300 _a120
365 _b21
999 _c986017
_d986014